| 000 | 00705nam a2200217 4500 | ||
|---|---|---|---|
| 003 | OSt | ||
| 005 | 20260601171008.0 | ||
| 008 | 260504b1974\\\\ve\a||||\||||\00|\0\spa\d | ||
| 040 |
_aICI _bspa _cICI |
||
| 050 |
_aN6730 _bG72 1974 |
||
| 100 |
_aGranados Valdes, A., _dautor _932635 |
||
| 245 | 1 |
_aGuia : _bObras de arte de la ciudad universitaria de Caracas / _cA. Granados Valdes |
|
| 264 |
_aCaracas : _bUniversidad Central de Venezuela, _c1974 |
||
| 300 | _a92 páginas | ||
| 336 |
_atexto _2rdacontent |
||
| 337 |
_asin medio _2rdamedia |
||
| 338 |
_avolumen _2rdacarrier |
||
| 650 |
_aArte _vGuías _zVenezuela _932636 |
||
| 650 |
_aArquitectura _v Manuales, etc. _zVenezuela _932637 |
||
| 942 |
_2lcc _cB _n1 |
||
| 999 |
_c20376 _d20376 |
||